000
00299 a2200145 4500
001
195029
040
_c
Magnum
100
_a
ANDARILHO, Jessé
240
1
0
_a
Super Protetores
_l
por
245
1
0
_a
Super Protetores
300
_a
12
362
0
_a
2020
697
_a
LITERATURA INFANTIL
942
_c
BK
999
_c
195029
_d
195029